00696nam a2200205Ia 4500008004100000020002300041040001900064041001200083082003100095100002200126245014100148250001100289260004800300300002300348504001900371650002700390651002600417700002300443850002400466131103s9999 xx 000 0 und d a818561816XcRs 350 aLoreto College aEnglish a005.13(C)/PREbLCLIB/45758 aPress, William H. aNumerical recipes in Cb The art of scientific computing cWilliam H. Press, Saul A. Teukolsky, William T. Vetterling, Brian P. Flannery a2nd ed aNew DelhibCambridge University Pressc1992 axxvi,994p c 24 cm aIncludes index aC Programming Language aProgramming languages aTeukolsky, Saul A. aLCLIB/005.13(C)/PRE